000 00295nam a2200109Ia 4500
008 200302s9999 xx 000 0 und d
100 _aAnthony Tischhauser and Other
245 _aCalatrava Public Buildings
260 _bBirkhauser Publlisher for Architecture
260 _c1998
300 _a389 P.,
999 _c3972
_d3972